[Event "DVM U14 2015"]
[Site "Verden/Aller GER"]
[Date "2015.12.28"]
[Round "4"]
[White "Kreutzmann, Duke"]
[Black "Grimm, Ling Leander"]
[Result "0-1"]
[Termination "normal"]
[Board "7.2"]
[WhiteElo "1840"]
[BlackElo "1749"]
[WhiteTeam "Düsseldorfer SK 14/25"]
[BlackTeam "SK Bebenhausen 1992"]
[PlyCount "130"]
[WhiteFideId "1330055"]
[BlackFideId "12968277"]
[EventCountry "GER"]
[EventRounds "7"]
[EventType "team-swiss"]
[EventDate "2015.12.26"]

1. e4 c5 2. Nc3 Nc6 3. g3 g6 4. Bg2 Bg7 5. d3 d6 6. f4 Rb8 7. Nf3 b5 8. O-O Bd7
9. Ne2 Nd4 10. Nexd4 cxd4 11. h3 h5 12. Qe2 Nh6 13. Qf2 Qb6 14. Nh4 O-O 15. Qe2
Qc5 16. Rf2 Kh7 17. f5 a5 18. Kh2 b4 19. Bf4 Be5 20. Bxe5 Qxe5 21. Raf1 gxf5
22. exf5 Qxe2 23. Rxe2 e5 24. fxe6 fxe6 25. Nf3 e5 26. Ref2 Kg7 27. Nd2 Be6 28.
b3 Rxf2 29. Rxf2 Rf8 30. Re2 Rc8 31. Nc4 Bxc4 32. bxc4 Nf5 33. Bb7 Rc7 34. Ba6
Ne3 35. Bb5 Rf7 36. Ba4 Rf3 37. Bc6 Rf1 38. Ba4 Kf6 39. Bb3 Kg5 40. Ba4 h4 41.
gxh4+ Kxh4 42. Rd2 Rf3 43. Re2 Rxh3+ 44. Kg1 Kg3 45. Bc6 Rh4 46. Be4 Rf4 47.
Bg2 Ng4 48. Bf1 Rf2 49. Rxf2 Nxf2 50. Be2 Ng4 51. Bxg4 Kxg4 52. Kg2 Kf4 53. Kf2
a4 54. Ke2 Kg3 55. Kd1 Kf2 56. Kd2 Kf3 57. Kd1 Ke3 58. Ke1 e4 59. dxe4 Kxe4 60.
Kd2 d3 61. cxd3+ Kd4 62. Kc2 Ke3 63. a3 bxa3 64. Kc3 a2 65. Kb2 Kxd3 0-1

[Event "DVM U14 2015"]
[Site "Verden/Aller GER"]
[Date "2015.12.28"]
[Round "4"]
[White "De Rentiis, Davide Luca"]
[Black "Righi, Sofian"]
[Result "0-1"]
[Termination "normal"]
[Board "7.3"]
[WhiteElo "1287"]
[BlackElo "1620"]
[WhiteTeam "SK Bebenhausen 1992"]
[BlackTeam "Düsseldorfer SK 14/25"]
[PlyCount "146"]
[WhiteFideId "12967050"]
[BlackFideId "12987581"]
[EventCountry "GER"]
[EventRounds "7"]
[EventType "team-swiss"]
[EventDate "2015.12.26"]

1. e4 e5 2. Nf3 d6 3. Bc4 Be7 4. O-O Nf6 5. d3 O-O 6. h3 c6 7. Bb3 a5 8. a3 b5
9. Be3 a4 10. Ba2 Ne8 11. Nc3 Kh8 12. d4 exd4 13. Bxd4 Qc7 14. Qd2 Bf6 15. Be3
Be6 16. Bxe6 fxe6 17. Rad1 Na6 18. Ng5 Qe7 19. Nf3 Rd8 20. e5 dxe5 21. Qxd8
Qxd8 22. Rxd8 Bxd8 23. Nxe5 Nb8 24. Rd1 Bc7 25. Nf3 Nf6 26. Ng5 Re8 27. Re1 h6
28. Nf3 Ba5 29. Nd4 Nd5 30. Bd2 Bxc3 31. Bxc3 Nxc3 32. bxc3 e5 33. f4 e4 34.
Ne2 Nd7 35. Ng3 Nf6 36. Kf2 h5 37. Ke3 h4 38. Nf5 Nd5+ 39. Kd4 Nxf4 40. Nxh4 e3
41. Rxe3 c5+ 42. Kxc5 Rxe3 43. Kxb5 Rxc3 44. Kxa4 Rxc2 45. Kb4 Nxg2 46. Nf5 Re2
47. Nd6 Nf4 48. a4 Nxh3 49. Nc4 Nf4 50. Kb5 Re8 51. a5 Nd5 52. Kc5 Nc7 53. Kb6
Re1 54. Nd6 Ne8 55. Nb5 Re6+ 56. Kc5 Ra6 57. Kb4 Nd6 58. Nc7 Ra7 59. Kc5 Rxc7+
60. Kxd6 Ra7 61. Ke5 Rxa5+ 62. Kd4 g5 63. Ke4 Ra4+ 64. Kf3 Ra8 65. Kg3 Rg8 66.
Kg4 Rg7 67. Kf3 g4+ 68. Kg3 Rg8 69. Kf2 g3+ 70. Kg2 Rg7 71. Kf1 g2+ 72. Kg1 Rg8
73. Kh2 g1=Q+ 0-1

[Event "DVM U14 2015"]
[Site "Verden/Aller GER"]
[Date "2015.12.28"]
[Round "4"]
[White "Oezdemir, Edwin-Daniel"]
[Black "Greitmann, Niklas"]
[Result "0-1"]
[Termination "normal"]
[Board "7.4"]
[WhiteElo "1568"]
[BlackElo "1265"]
[WhiteTeam "Düsseldorfer SK 14/25"]
[BlackTeam "SK Bebenhausen 1992"]
[PlyCount "74"]
[WhiteFideId "12919055"]
[BlackFideId "16200705"]
[EventCountry "GER"]
[EventRounds "7"]
[EventType "team-swiss"]
[EventDate "2015.12.26"]

1. e4 c5 2. Nf3 Nc6 3. d4 cxd4 4. Nxd4 g6 5. Nc3 Bg7 6. Be3 Nf6 7. Qd2 Ng4 8.
Nxc6 bxc6 9. O-O-O Nxe3 10. Qxe3 O-O 11. h4 Qb6 12. Qxb6 axb6 13. Bc4 b5 14.
Bb3 d6 15. h5 Bd7 16. hxg6 hxg6 17. f4 Rfc8 18. e5 Bf5 19. Rde1 dxe5 20. fxe5
c5 21. Nd5 Ra7 22. c4 bxc4 23. Bxc4 Be6 24. Rh4 Rd8 25. Nc3 Bxc4 26. Rxc4 Ra5
27. a3 Rd4 28. Re4 Rxc4 29. Rxc4 Bxe5 30. Ne4 Bd4 31. b4 Rxa3 32. bxc5 Be5 33.
c6 Ra7 34. Kd2 Kf8 35. Rc5 f6 36. Rd5 Ke8 37. Nc5 Rc7 0-1

[Event "DVM U14 2015"]
[Site "Verden/Aller GER"]
[Date "2015.12.28"]
[Round "4"]
[White "Merx, Florian"]
[Black "Tong, Kevin"]
[Result "0-1"]
[Termination "normal"]
[Board "8.1"]
[WhiteElo "1628"]
[BlackElo "2033"]
[WhiteTeam "SV Empor Erfurt"]
[BlackTeam "SC Erlangen 48/88"]
[PlyCount "90"]
[WhiteFideId "16212304"]
[BlackFideId "12913944"]
[EventCountry "GER"]
[EventRounds "7"]
[EventType "team-swiss"]
[EventDate "2015.12.26"]

1. e4 e5 2. Nf3 Nc6 3. Bb5 a6 4. Ba4 Nf6 5. O-O Be7 6. Re1 b5 7. Bb3 d6 8. h3
O-O 9. c3 Nb8 10. d4 Nbd7 11. Nbd2 Bb7 12. Bc2 Re8 13. Nf1 Bf8 14. Ng3 g6 15.
Bg5 Bg7 16. Qd2 c5 17. Rad1 Qc7 18. d5 c4 19. Be3 Nc5 20. Bxc5 Qxc5 21. Qe3 Qc7
22. a4 Reb8 23. Ra1 Bc8 24. Qd2 Bd7 25. Reb1 Qc5 26. b3 cxb3 27. Bxb3 bxa4 28.
Bc2 Rc8 29. Bxa4 Qxc3 30. Qxc3 Rxc3 31. Bxd7 Nxd7 32. Rb7 Nc5 33. Rb6 Bf8 34.
Nd2 a5 35. Rb2 Bh6 36. Ngf1 a4 37. Rba2 Rb8 38. Ra3 Rc2 39. Nb1 Bc1 40. Rf3 Nb3
41. Rxa4 Nd4 42. Rf6 Rxb1 43. Rxd6 Ne2+ 44. Kh2 Bf4+ 45. Ng3 Rcc1 0-1

[Event "DVM U14 2015"]
[Site "Verden/Aller GER"]
[Date "2015.12.28"]
[Round "4"]
[White "Haas, Maximilian"]
[Black "Finke, Daniel"]
[Result "1-0"]
[Termination "normal"]
[Board "8.2"]
[WhiteElo "1650"]
[BlackElo "1342"]
[WhiteTeam "SC Erlangen 48/88"]
[BlackTeam "SV Empor Erfurt"]
[PlyCount "51"]
[WhiteFideId "12959219"]
[BlackFideId "16217675"]
[EventCountry "GER"]
[EventRounds "7"]
[EventType "team-swiss"]
[EventDate "2015.12.26"]

1. e4 e5 2. Nf3 Nc6 3. d4 exd4 4. c3 dxc3 5. Bc4 Nf6 6. O-O Bc5 7. Nxc3 O-O 8.
Bg5 Be7 9. Re1 d6 10. e5 Ng4 11. Bxe7 Qxe7 12. Nd5 Qd8 13. exd6 Qxd6 14. Qc2
Be6 15. Rad1 Qc5 16. Rxe6 b5 17. Rxc6 Qxc6 18. Ne7+ Kh8 19. Nxc6 bxc4 20. h3
Nf6 21. Qxc4 h6 22. Nfe5 g6 23. Nxf7+ Kg7 24. Nfd8 Kh7 25. Qe6 Kh8 26. Qe7 1-0

[Event "DVM U14 2015"]
[Site "Verden/Aller GER"]
[Date "2015.12.28"]
[Round "4"]
[White "Lautenbach, Max"]
[Black "Grüninger, Maxim"]
[Result "0-1"]
[Termination "normal"]
[Board "8.3"]
[WhiteElo "1284"]
[BlackElo "1579"]
[WhiteTeam "SV Empor Erfurt"]
[BlackTeam "SC Erlangen 48/88"]
[PlyCount "92"]
[WhiteFideId "16217683"]
[BlackFideId "12942960"]
[EventCountry "GER"]
[EventRounds "7"]
[EventType "team-swiss"]
[EventDate "2015.12.26"]

1. e4 c5 2. Nf3 Nc6 3. d4 cxd4 4. Nxd4 g6 5. Nc3 Bg7 6. Be3 Nf6 7. Be2 O-O 8.
O-O d6 9. h3 d5 10. exd5 Nxd5 11. Nxc6 bxc6 12. Nxd5 cxd5 13. c3 a5 14. Qd2 Qd6
15. Bh6 Bf5 16. Bxg7 Kxg7 17. Rfd1 Rfd8 18. c4 d4 19. Bd3 Bxd3 20. Qxd3 e5 21.
Rac1 Rac8 22. Kh1 Qc6 23. f3 Rc7 24. Qe4 Qxe4 25. fxe4 f5 26. exf5 gxf5 27. Kg1
e4 28. Kf2 f4 29. b3 Rc6 30. Re1 Re6 31. Red1 d3 32. g3 e3+ 33. Kf3 e2 34. Rd2
fxg3 35. Kxg3 Rf6 36. Kg2 Rf5 37. c5 Rxc5 38. Kf2 Rf5+ 39. Kg2 Rd6 40. a3 Rg6+
41. Kh2 Rf2+ 42. Kh1 Rf1+ 43. Rxf1 exf1=Q+ 44. Kh2 Qf4+ 45. Kh1 Qxd2 46. b4
Qg2# 0-1

[Event "DVM U14 2015"]
[Site "Verden/Aller GER"]
[Date "2015.12.28"]
[Round "4"]
[White "Richardt, Josia"]
[Black "Niebur, Thorben Carl"]
[Result "1/2-1/2"]
[Termination "normal"]
[Board "8.4"]
[WhiteElo "1246"]
[BlackElo "1193"]
[WhiteTeam "SC Erlangen 48/88"]
[BlackTeam "SV Empor Erfurt"]
[PlyCount "45"]
[WhiteFideId "16217594"]
[BlackFideId "16217691"]
[EventCountry "GER"]
[EventRounds "7"]
[EventType "team-swiss"]
[EventDate "2015.12.26"]

1. e4 e5 2. Nf3 Nc6 3. Bc4 Nf6 4. Nc3 Bc5 5. d3 h6 6. O-O d6 7. h3 Be6 8. Bb3
Qe7 9. Be3 Bb6 10. Qd2 g5 11. Nh2 O-O-O 12. Ba4 Qd7 13. Nb5 Kb8 14. c4 Rdg8 15.
Nc3 h5 16. Nd5 Rg6 17. Bxg5 Nxd5 18. cxd5 Bxh3 19. dxc6 bxc6 20. Bxc6 Qxc6 21.
gxh3 f6 22. Nf3 fxg5 23. Nxg5 1/2-1/2

[Event "DVM U14 2015"]
[Site "Verden/Aller GER"]
[Date "2015.12.28"]
[Round "4"]
[White "Hermanns, Till"]
[Black "Enxing, Philemon"]
[Result "1/2-1/2"]
[Termination "normal"]
[Board "9.1"]
[WhiteElo "1586"]
[BlackElo "1494"]
[WhiteTeam "SC Landskrone"]
[BlackTeam "SG Leipzig"]
[PlyCount "62"]
[WhiteFideId "12972347"]
[BlackFideId "16217632"]
[EventCountry "GER"]
[EventRounds "7"]
[EventType "team-swiss"]
[EventDate "2015.12.26"]

1. d4 Nf6 2. Nf3 g6 3. c4 Bg7 4. Nc3 O-O 5. Bg5 d6 6. e3 b6 7. Be2 Bb7 8. O-O
c5 9. Rc1 Nbd7 10. Re1 a6 11. h3 Qc7 12. Qc2 h6 13. Bh4 g5 14. Bg3 e6 15. Qb1
Ne8 16. Rcd1 Qd8 17. d5 e5 18. e4 Ndf6 19. Rd2 Qd7 20. Nh2 h5 21. Nf1 Nc7 22.
Ne3 b5 23. b3 Bc8 24. Nf5 Bh8 25. Nd1 Qd8 26. Nde3 Rb8 27. Qc2 Nce8 28. Rdd1
Ng7 29. Nxg7 Bxg7 30. Bh2 Kh8 31. g4 h4 1/2-1/2

[Event "DVM U14 2015"]
[Site "Verden/Aller GER"]
[Date "2015.12.28"]
[Round "4"]
[White "Mücka, Cedric"]
[Black "Lorenz, Tobias"]
[Result "1-0"]
[Termination "normal"]
[Board "9.2"]
[WhiteElo "1397"]
[BlackElo "1716"]
[WhiteTeam "SG Leipzig"]
[BlackTeam "SC Landskrone"]
[PlyCount "75"]
[WhiteFideId "16217640"]
[BlackFideId "12977500"]
[EventCountry "GER"]
[EventRounds "7"]
[EventType "team-swiss"]
[EventDate "2015.12.26"]

1. Nf3 c5 2. g3 Nf6 3. Bg2 g6 4. O-O Nc6 5. d3 Bg7 6. Nbd2 d6 7. e4 O-O 8. Nh4
Ne8 9. Nb3 Rb8 10. f4 f5 11. Rb1 Qc7 12. c3 b5 13. Be3 a5 14. Nc1 a4 15. Ne2
Be6 16. exf5 gxf5 17. b3 axb3 18. axb3 Nf6 19. c4 bxc4 20. bxc4 Rxb1 21. Qxb1
Rb8 22. Qc2 Ng4 23. Bc1 Nd4 24. Nxd4 Bxd4+ 25. Kh1 Bd7 26. h3 Nf6 27. Nf3 Nh5
28. Kh2 Bg7 29. Re1 Kf8 30. Ng5 h6 31. Qe2 Bf6 32. Qxh5 hxg5 33. fxg5 Bg7 34.
Bd5 Be8 35. Qh7 Bf7 36. Qxf5 Kg8 37. Qxf7+ Kh8 38. Qh5+ 1-0

[Event "DVM U14 2015"]
[Site "Verden/Aller GER"]
[Date "2015.12.28"]
[Round "4"]
[White "Dittenberger, Timo"]
[Black "Wang, Ruiming"]
[Result "1-0"]
[Termination "normal"]
[Board "9.3"]
[WhiteElo "1481"]
[BlackElo "1355"]
[WhiteTeam "SC Landskrone"]
[BlackTeam "SG Leipzig"]
[PlyCount "55"]
[WhiteFideId "12977519"]
[BlackFideId "16217659"]
[EventCountry "GER"]
[EventRounds "7"]
[EventType "team-swiss"]
[EventDate "2015.12.26"]

1. d4 Nf6 2. c4 g6 3. Nc3 Bg7 4. Bg5 d6 5. Nf3 O-O 6. e4 e5 7. dxe5 dxe5 8.
Qxd8 Rxd8 9. Nxe5 Re8 10. Bxf6 Bxf6 11. f4 Bxe5 12. fxe5 Rxe5 13. Bd3 Na6 14.
O-O Be6 15. b3 Re8 16. Rfe1 Nc5 17. Rad1 Bf5 18. Nd5 Nxd3 19. Rxd3 Kg7 20. Nxc7
Rxe4 21. Nxe8+ Kf8 22. Rxe4 Bxe4 23. Re3 f5 24. Nf6 Bb1 25. Nxh7+ Kg7 26. Re7+
Kh6 27. Rxb7 Bxa2 28. Nf6 1-0

[Event "DVM U14 2015"]
[Site "Verden/Aller GER"]
[Date "2015.12.28"]
[Round "4"]
[White "Liedtke, Sebastian"]
[Black "Rühl, Alexander"]
[Result "1/2-1/2"]
[Termination "normal"]
[Board "9.4"]
[WhiteElo "1315"]
[BlackElo "1550"]
[WhiteTeam "SG Leipzig"]
[BlackTeam "SC Landskrone"]
[PlyCount "105"]
[WhiteFideId "16217667"]
[BlackFideId "16204131"]
[EventCountry "GER"]
[EventRounds "7"]
[EventType "team-swiss"]
[EventDate "2015.12.26"]

1. e4 e5 2. Nf3 Nc6 3. Bc4 Bc5 4. b4 Bxb4 5. c3 Bc5 6. d4 exd4 7. O-O d6 8.
cxd4 Bb6 9. Qb3 Nxd4 10. Nxd4 Bxd4 11. Bxf7+ Kf8 12. Bxg8 Rxg8 13. Nc3 Qf6 14.
Bd2 Rb8 15. Kh1 Be6 16. Qc2 Kf7 17. Rae1 Rge8 18. f4 Kg8 19. Nb5 Rec8 20. e5
dxe5 21. fxe5 Qd8 22. Rd1 Bxe5 23. Bc3 Qe8 24. Nxa7 Bxc3 25. Nxc8 Rxc8 26. Qxc3
Bxa2 27. Qd3 b5 28. Rf2 Bc4 29. Qd7 Qxd7 30. Rxd7 c6 31. Rb7 Bd5 32. h3 h6 33.
Kh2 Ra8 34. Rc2 Ra2 35. Rxa2 Bxa2 36. Kg3 Bd5 37. Kf2 Kh7 38. g4 Kg6 39. Kg3
Kf6 40. Kf4 Bg2 41. h4 Bd5 42. g5+ hxg5+ 43. hxg5+ Kg6 44. Kg4 Kh7 45. Kf5 Bc4
46. Ke5 Kg6 47. Kd4 Bd5 48. Kc5 Kxg5 49. Rxg7+ Kf4 50. Rb7 Ke3 51. Rb6 Kd3 52.
Rxb5 cxb5 53. Kxb5 1/2-1/2

[Event "DVM U14 2015"]
[Site "Verden/Aller GER"]
[Date "2015.12.28"]
[Round "4"]
[White "Anders, Julian"]
[Black "Bold, Andre"]
[Result "0-1"]
[Termination "normal"]
[Board "10.1"]
[WhiteElo "1392"]
[BlackElo "1981"]
[WhiteTeam "SK Freiburg Zähringen 1887"]
[BlackTeam "SC 1975 Bann"]
[PlyCount "103"]
[WhiteFideId "16217748"]
[BlackFideId "16208471"]
[EventCountry "GER"]
[EventRounds "7"]
[EventType "team-swiss"]
[EventDate "2015.12.26"]

1. e4 d5 2. exd5 Nf6 3. Nf3 Nxd5 4. b3 Bf5 5. Bb2 e6 6. Nc3 c6 7. Be2 Nd7 8.
O-O Qc7 9. Nxd5 exd5 10. Re1 O-O-O 11. c4 dxc4 12. Bxc4 Nb6 13. Bf1 Bg4 14. h3
Bxf3 15. Qxf3 f6 16. Rac1 Qd7 17. Rc2 Qd5 18. Qg3 Qf5 19. Rec1 Rd7 20. Be2 h5
21. a4 Bd6 22. Qf3 Qxf3 23. Bxf3 Bb4 24. Bc3 Bxc3 25. dxc3 Kc7 26. Re1 h4 27.
Bg4 Rf7 28. Rce2 f5 29. Bf3 Rd8 30. g3 Rd3 31. Re3 Rxe3 32. Rxe3 hxg3 33. fxg3
Nc8 34. Kf2 Kd6 35. Ke2 Re7 36. Kd3 Rxe3+ 37. Kxe3 Ke5 38. Kd3 Ne7 39. c4 b6
40. b4 c5 41. b5 f4 42. gxf4+ Kxf4 43. Bg4 Ng6 44. Ke2 Ne5 45. Be6 Ke4 46. Kf2
Kd4 47. Kg3 Nxc4 48. Kf4 Ne3 49. Kg5 c4 50. Bxc4 Kxc4 51. Kg6 Kb4 52. Kxg7 0-1

[Event "DVM U14 2015"]
[Site "Verden/Aller GER"]
[Date "2015.12.28"]
[Round "4"]
[White "Schindler, Till"]
[Black "Schede, John"]
[Result "0-1"]
[Termination "normal"]
[Board "10.2"]
[WhiteElo "1318"]
[BlackElo "1249"]
[WhiteTeam "SC 1975 Bann"]
[BlackTeam "SK Freiburg Zähringen 1887"]
[PlyCount "104"]
[WhiteFideId "16217705"]
[BlackFideId "16217756"]
[EventCountry "GER"]
[EventRounds "7"]
[EventType "team-swiss"]
[EventDate "2015.12.26"]

1. e4 Nf6 2. Nc3 d5 3. exd5 Nxd5 4. Nxd5 Qxd5 5. Nf3 e5 6. h3 Nc6 7. d3 Bf5 8.
Be2 O-O-O 9. O-O Bd6 10. c4 Qe6 11. Qc2 Bc5 12. Be3 Be7 13. a3 Qg6 14. g4 Bxd3
15. Bxd3 Qxd3 16. Qxd3 Rxd3 17. b4 e4 18. Nd2 Re8 19. Nxe4 Bxb4 20. axb4 Rxe4
21. b5 Ne5 22. Rxa7 Nxc4 23. Bc5 Rxh3 24. Ra8+ Kd7 25. Rd1+ Nd6 26. b6 Rxg4+
27. Kf1 Rh1+ 28. Ke2 Rxd1 29. Kxd1 cxb6 30. Bxb6 Rg1+ 31. Ke2 Kc6 32. Bd4 Nf5
33. Bc3 h5 34. Rf8 f6 35. Bd2 h4 36. Bf4 Nd4+ 37. Ke3 Ne6 38. Rc8+ Kd7 39. Rh8
Nxf4 40. Kxf4 g5+ 41. Kf5 Ke7 42. Rh7+ Kd6 43. Rxb7 h3 44. Rh7 Rh1 45. Kxf6 h2
46. Rh6 Kd5 47. Kf5 Kd4 48. Rd6+ Kc3 49. Rh6 Kd3 50. Rd6+ Ke2 51. Ra6 Rd1 52.
Re6+ Kxf2 0-1

[Event "DVM U14 2015"]
[Site "Verden/Aller GER"]
[Date "2015.12.28"]
[Round "4"]
[White "Spillner, Ladis"]
[Black "Deppert, Smilla"]
[Result "1/2-1/2"]
[Termination "normal"]
[Board "10.3"]
[WhiteElo "1301"]
[BlackElo "1110"]
[WhiteTeam "SK Freiburg Zähringen 1887"]
[BlackTeam "SC 1975 Bann"]
[PlyCount "94"]
[WhiteFideId "16217764"]
[BlackFideId "16217713"]
[EventCountry "GER"]
[EventRounds "7"]
[EventType "team-swiss"]
[EventDate "2015.12.26"]

1. e4 e5 2. Nf3 Nc6 3. Bc4 Bc5 4. c3 Nf6 5. d3 a6 6. b4 Ba7 7. O-O d5 8. exd5
Nxd5 9. Qb3 Be6 10. Re1 f6 11. a4 Qd6 12. Be3 Bxe3 13. fxe3 Nce7 14. g3 Bg4 15.
Nfd2 f5 16. e4 Nf6 17. Na3 Bh3 18. exf5 Qb6+ 19. d4 exd4 20. cxd4 Qxd4+ 21. Qe3
Qxe3+ 22. Rxe3 O-O-O 23. Rxe7 Rxd2 24. Rxg7 Rhd8 25. Bb3 Bxf5 26. Rf7 R2d6 27.
Rf1 Rd3 28. Rxf5 Rxb3 29. R5xf6 Rxa3 30. b5 axb5 31. axb5 Ra1+ 32. Kg2 Ra2+ 33.
Rf2 Rxf2+ 34. Rxf2 b6 35. Rf7 h6 36. Rh7 Rd5 37. Rxh6 Rxb5 38. Rf6 Rb2+ 39. Rf2
Rxf2+ 40. Kxf2 b5 41. Ke2 b4 42. Kd3 c5 43. h4 Kd7 44. h5 Ke7 45. h6 Kf7 46. g4
Kg6 47. g5 Kh7 1/2-1/2

[Event "DVM U14 2015"]
[Site "Verden/Aller GER"]
[Date "2015.12.28"]
[Round "4"]
[White "Wenzel, Sander"]
[Black "Schede, Wolf"]
[Result "0-1"]
[Termination "normal"]
[Board "10.4"]
[WhiteElo "1145"]
[BlackElo "1062"]
[WhiteTeam "SC 1975 Bann"]
[BlackTeam "SK Freiburg Zähringen 1887"]
[PlyCount "96"]
[WhiteFideId "16217721"]
[BlackFideId "16217772"]
[EventCountry "GER"]
[EventRounds "7"]
[EventType "team-swiss"]
[EventDate "2015.12.26"]

1. e4 c5 2. Nf3 Nc6 3. Bc4 e6 4. d3 d5 5. Bb3 dxe4 6. dxe4 Qxd1+ 7. Kxd1 Nd4 8.
Nbd2 Nxb3 9. axb3 Ne7 10. Nc4 Nc6 11. Be3 b6 12. Ke2 Be7 13. Rhd1 O-O 14. Nd6
Bxd6 15. Rxd6 Bb7 16. e5 Nb4 17. Rc1 Bxf3+ 18. Kxf3 Nd5 19. c4 Ne7 20. Rd7 Ng6
21. Bf4 Nh4+ 22. Kg3 Nf5+ 23. Kg4 Nd4 24. Rc3 Rfd8 25. Rd6 Rxd6 26. exd6 f6 27.
Be3 e5 28. Bxd4 exd4 29. Rd3 Rd8 30. b4 Rxd6 31. bxc5 bxc5 32. b3 a5 33. f4 Kf7
34. f5 g6 35. Kf4 Rd8 36. g4 Re8 37. h4 Re5 38. fxg6+ hxg6 39. g5 Re7 40. Kg4
fxg5 41. hxg5 Re1 42. Kf4 Ke6 43. Rd2 Kd6 44. Ra2 Re5 45. Rxa5 Rf5+ 46. Kg4 d3
47. Ra2 Ke5 48. Kg3 Kd4 0-1

[Event "DVM U14 2015"]
[Site "Verden/Aller GER"]
[Date "2015.12.29"]
[Round "5"]
[White "Roseneck, Jonas"]
[Black "Engel, Luis"]
[Result "1-0"]
[Termination "normal"]
[Board "1.1"]
[WhiteElo "2021"]
[BlackElo "2117"]
[WhiteTeam "SG Aufbau Elbe Magdeburg"]
[BlackTeam "Hamburger SK von 1830"]
[PlyCount "57"]
[WhiteFideId "12939870"]
[BlackFideId "12961523"]
[EventCountry "GER"]
[EventRounds "7"]
[EventType "team-swiss"]
[EventDate "2015.12.26"]

1. e4 c5 2. Nf3 d6 3. d4 cxd4 4. Nxd4 Nf6 5. Nc3 a6 6. Qf3 e6 7. Be3 Qc7 8.
O-O-O Nbd7 9. Qg3 b5 10. a3 Bb7 11. f3 Rc8 12. Bd3 Ne5 13. Rhe1 Nc4 14. Bxc4
Qxc4 15. Nb3 Qc7 16. Bd4 Nd7 17. f4 Rg8 18. e5 dxe5 19. fxe5 Nb6 20. Qd3 Nd5
21. Qxh7 Nxc3 22. Bxc3 Bxa3 23. bxa3 Qxc3 24. Qxg8+ Ke7 25. Qh7 Qxb3 26. Qh4+
f6 27. exf6+ gxf6 28. Qh7+ Kf8 29. Rd8+ 1-0

[Event "DVM U14 2015"]
[Site "Verden/Aller GER"]
[Date "2015.12.29"]
[Round "5"]
[White "Holinka, Henning"]
[Black "Biastoch, Bennet"]
[Result "1/2-1/2"]
[Termination "normal"]
[Board "1.2"]
[WhiteElo "2027"]
[BlackElo "2051"]
[WhiteTeam "Hamburger SK von 1830"]
[BlackTeam "SG Aufbau Elbe Magdeburg"]
[PlyCount "106"]
[WhiteFideId "12967084"]
[BlackFideId "12939889"]
[EventCountry "GER"]
[EventRounds "7"]
[EventType "team-swiss"]
[EventDate "2015.12.26"]

1. e4 c5 2. Nf3 Nc6 3. d4 cxd4 4. Nxd4 e5 5. Nb5 d6 6. N1c3 a6 7. Na3 b5 8. Nd5
Nge7 9. Bg5 h6 10. Bxb5 hxg5 11. Nxe7 axb5 12. Nxc6 Qb6 13. Nb4 Ra4 14. c3 Bd7
15. O-O g4 16. Qd3 Ra7 17. Nac2 Qd8 18. Qg3 Be7 19. f4 Qb6+ 20. Qf2 Qxf2+ 21.
Rxf2 exf4 22. Rxf4 Bg5 23. Rff1 O-O 24. Rad1 Re8 25. Rfe1 Be6 26. Nd4 Bd7 27.
g3 Bf6 28. Nf5 Bxf5 29. exf5 Re5 30. Rf1 Re2 31. Rf2 Rae7 32. Rxd6 Bg5 33. Nd5
R7e5 34. f6 g6 35. Rd8+ Kh7 36. Rd7 Kg8 37. Kf1 Rxf2+ 38. Kxf2 Rf5+ 39. Ke2
Bxf6 40. Nxf6+ Rxf6 41. Rd5 Rb6 42. Rd4 f5 43. Rd7 Ra6 44. a3 Rc6 45. Kd3 Re6
46. Kd2 Re5 47. Rb7 g5 48. Kd3 f4 49. Kd4 f3 50. Rb8+ Kg7 51. Kxe5 f2 52. Rb7+
Kg8 53. Rb8+ Kg7 1/2-1/2

[Event "DVM U14 2015"]
[Site "Verden/Aller GER"]
[Date "2015.12.29"]
[Round "5"]
[White "Wagner, Benjamin"]
[Black "Engel, Robert"]
[Result "1-0"]
[Termination "normal"]
[Board "1.3"]
[WhiteElo "1829"]
[BlackElo "1839"]
[WhiteTeam "SG Aufbau Elbe Magdeburg"]
[BlackTeam "Hamburger SK von 1830"]
[PlyCount "93"]
[WhiteFideId "12957330"]
[BlackFideId "12974684"]
[EventCountry "GER"]
[EventRounds "7"]
[EventType "team-swiss"]
[EventDate "2015.12.26"]

1. e4 c5 2. Nf3 d6 3. d4 cxd4 4. Nxd4 Nf6 5. Nc3 Nbd7 6. Bg5 h6 7. Bh4 Qb6 8.
Nb3 e6 9. Qd2 Be7 10. O-O-O a6 11. f4 Qc7 12. Be2 b5 13. a3 Bb7 14. Bf3 Rd8 15.
Rhe1 Nc5 16. Bf2 Nxb3+ 17. cxb3 d5 18. e5 Nd7 19. Kb1 Bc6 20. Ne2 b4 21. a4 Nc5
22. Bxc5 Bxc5 23. Rc1 Ba7 24. Qxb4 Qd7 25. Rc2 Rb8 26. Qa3 a5 27. Rec1 Rc8 28.
Ng3 g6 29. Nf1 h5 30. Be2 Qe7 31. Qxe7+ Kxe7 32. Rxc6 Rxc6 33. Rxc6 Bf2 34.
Rc7+ Kf8 35. Rc8+ Kg7 36. Rxh8 Kxh8 37. b4 axb4 38. Kc2 Bc5 39. a5 Kg7 40. a6
f6 41. Kb3 g5 42. g3 Kg6 43. Bd3+ f5 44. h4 gxh4 45. gxh4 Kf7 46. Be2 Kg6 47.
Ka4 1-0

[Event "DVM U14 2015"]
[Site "Verden/Aller GER"]
[Date "2015.12.29"]
[Round "5"]
[White "Fuhrmann, Äke"]
[Black "Cejda, Cecilia"]
[Result "0-1"]
[Termination "normal"]
[Board "1.4"]
[WhiteElo "1601"]
[BlackElo "1600"]
[WhiteTeam "Hamburger SK von 1830"]
[BlackTeam "SG Aufbau Elbe Magdeburg"]
[PlyCount "60"]
[WhiteFideId "12983853"]
[BlackFideId "12921122"]
[EventCountry "GER"]
[EventRounds "7"]
[EventType "team-swiss"]
[EventDate "2015.12.26"]

1. c4 Nf6 2. g3 e5 3. Bg2 d5 4. cxd5 Nxd5 5. Nc3 Nb6 6. Nf3 Nc6 7. O-O Be7 8.
d3 O-O 9. a3 Be6 10. b4 a6 11. Be3 Nd5 12. Ne4 Nxe3 13. fxe3 f5 14. Nc3 f4 15.
exf4 exf4 16. Nd2 Qd4+ 17. Kh1 Qxc3 18. gxf4 Qf6 19. e4 Qh6 20. f5 Bf7 21. Nf3
Bh5 22. Qb3+ Kh8 23. Qe6 Qxe6 24. fxe6 Bxf3 25. Bxf3 Nd4 26. Bg4 Rxf1+ 27. Rxf1
Rf8 28. Rc1 c6 29. Rc4 Bf6 30. Kg1 Re8 0-1

[Event "DVM U14 2015"]
[Site "Verden/Aller GER"]
[Date "2015.12.29"]
[Round "5"]
[White "Schneider, Jana"]
[Black "Kopylov, Daniel"]
[Result "1/2-1/2"]
[Termination "normal"]
[Board "2.1"]
[WhiteElo "2113"]
[BlackElo "1966"]
[WhiteTeam "Spvgg 1946 Stetten"]
[BlackTeam "TuRa Harksheide Norderstedt"]
[PlyCount "42"]
[WhiteFideId "12924997"]
[BlackFideId "12921971"]
[EventCountry "GER"]
[EventRounds "7"]
[EventType "team-swiss"]
[EventDate "2015.12.26"]

1. e4 e6 2. d4 d5 3. Nd2 dxe4 4. Nxe4 Nd7 5. Nf3 Ngf6 6. Nxf6+ Nxf6 7. c3 Be7
8. Bd3 O-O 9. O-O b6 10. Bf4 Bb7 11. Qe2 h6 12. Rad1 Bd6 13. Ne5 Qe7 14. Rfe1
Nd7 15. Qg4 Nf6 16. Qh3 Nd5 17. Bxh6 gxh6 18. Qxh6 f5 19. Qg6+ Kh8 20. Qh5+ Kg8
21. Qg6+ Kh8 1/2-1/2